000 00369cas a2200145 4500
022 0 _a0022-1236
040 _cDLC
082 4 _a517 ACA 1984 A063 Or.
245 0 0 _aJournal of functional analysis.
260 _aBrugge, Belgium [etc.]
_bAcademic Press.
300 _av.
_bill.
_c23 cm.
650 0 _aFunctional analysis
650 6 _aAnalyse fonctionnelle
942 _cEK
999 _c15428
_d15428